Traditions of war occupation, resistance, and the law

Salvato in:
Dettagli Bibliografici
Autore principale: Nabulsi, Karma
Natura: Libro
Lingua:inglese
Pubblicazione: Oxford Oxford University Press 2005
Soggetti:
Tags: Aggiungi Tag
Nessun Tag, puoi essere il primo ad aggiungerne!!

MARC

LEADER 00000nam$a2200000$$$4500
001 0036567
005 20221129083019.0
020 |a 0-19-927947-0 
041 0 |a eng 
044 |a GB 
245 1 0 |a Traditions of war  |b occupation, resistance, and the law  |c Karma Nabulsi 
264 1 |a Oxford  |b Oxford University Press  |c 2005 
300 |a 293 s. 
610 2 0 |a vojny 
610 2 0 |a právo medzinárodné 
610 2 0 |a história 
100 1 |a Nabulsi, Karma